<?xml version="1.0" encoding="UTF-8"?>
<collection xmlns="http://www.loc.gov/MARC21/slim">
 <record>
  <leader>01152nam#a2200301#c#4500</leader>
  <controlfield tag="001">UMA-000109</controlfield>
  <controlfield tag="003">UMA</controlfield>
  <controlfield tag="008">240906suuuu####   ##########||||#0#spa#d</controlfield>
  <controlfield tag="005">20260218    165708</controlfield>
  <datafield tag="020" ind1="#" ind2="#">
   <subfield code="a">9789243564784</subfield>
  </datafield>
  <datafield tag="041" ind1="0" ind2=" ">
   <subfield code="a">spa</subfield>
  </datafield>
  <datafield tag="044" ind1="#" ind2="#">
   <subfield code="a">sp</subfield>
  </datafield>
  <datafield tag="082" ind1="0" ind2="4">
   <subfield code="a">SEDE CENTRAL 362.042 4 INF</subfield>
  </datafield>
  <datafield tag="110" ind1="#" ind2="#">
   <subfield code="a">Organización Mundial de la Salud (O.M.S.)</subfield>
   <subfield code="e">Autor</subfield>
   <subfield code="b">Departamento de Gestión de Enfermedades No Transmisibles, Discapacidad y Prevención de la Violencia y los Traumatismos (NVI)</subfield>
  </datafield>
  <datafield tag="245" ind1="0" ind2="0">
   <subfield code="a">Informe mundial sobre ahogamientos: prevenir una importante causa de mortalidad</subfield>
   <subfield code="c">Organización Mundial de la Salud (O.M.S.)</subfield>
  </datafield>
  <datafield tag="264" ind1="#" ind2="0">
   <subfield code="a">España</subfield>
   <subfield code="b">Organización Mundial de la Salud (O.M.S.)</subfield>
   <subfield code="c">2016</subfield>
  </datafield>
  <datafield tag="300" ind1="#" ind2="#">
   <subfield code="a">X, 59 páginas</subfield>
   <subfield code="c">29 x 21 cm</subfield>
  </datafield>
  <datafield tag="336" ind1="#" ind2="#">
   <subfield code="a">texto</subfield>
   <subfield code="b">txt</subfield>
   <subfield code="2">rdacontent</subfield>
  </datafield>
  <datafield tag="337" ind1="#" ind2="#">
   <subfield code="a">no mediado</subfield>
   <subfield code="b">n</subfield>
   <subfield code="2">rdamedia</subfield>
  </datafield>
  <datafield tag="338" ind1="#" ind2="#">
   <subfield code="a">volumen</subfield>
   <subfield code="b">nc</subfield>
   <subfield code="2">rdacarrier</subfield>
  </datafield>
  <datafield tag="500" ind1="#" ind2="#">
   <subfield code="a">Esta publicación ha sido posible gracias a Bloomberg Philanthropies</subfield>
  </datafield>
  <datafield tag="650" ind1="#" ind2="0">
   <subfield code="a">Ahogamiento</subfield>
  </datafield>
  <datafield tag="650" ind1="#" ind2="0">
   <subfield code="a">Salud pública</subfield>
  </datafield>
  <datafield tag="650" ind1="#" ind2="0">
   <subfield code="a">Mortalidad por ahogamiento</subfield>
  </datafield>
  <datafield tag="650" ind1="#" ind2="0">
   <subfield code="a">Prevención en ahogamientos</subfield>
  </datafield>
  <datafield tag="650" ind1="#" ind2="0">
   <subfield code="a">Gestión de la seguridad</subfield>
  </datafield>
  <datafield tag="650" ind1="#" ind2="0">
   <subfield code="a">OMS</subfield>
  </datafield>
  <datafield tag="650" ind1="#" ind2="0">
   <subfield code="a">Sede Central</subfield>
  </datafield>
 </record>
</collection>
